000 00295nam a2200121Ia 4500
008 190216s9999||||xx |||||||||||||| ||und||
100 _aAbdul Hasan Ali Nadiri
245 0 _aMukhiaraiun Min Adabil Arabi
260 _b"A Blackwell, Oxford"
_c1967
300 _a160p
650 _aArabic
942 _cBK
999 _c101
_d101